| 000 -CABECERA |
| campo de control de longitud fija |
01085nam a2200325 a 4500 |
| 001 - NÚMERO DE CONTROL |
| campo de control |
000006373 |
| 003 - IDENTIFICADOR DEL NÚMERO DE CONTROL |
| campo de control |
CO-MqBPB |
| 005 - FECHA Y HORA DE LA ÚLTIMA TRANSACCIÓN |
| campo de control |
20220315113055.0 |
| 008 - DATOS DE LONGITUD FIJA--INFORMACIÓN GENERAL |
| campo de control de longitud fija |
990306s1996 ck gr 000 0 spa d |
| 020 ## - NÚMERO INTERNACIONAL ESTÁNDAR DEL LIBRO |
| Número Internacional Estándar del Libro |
958-04-3169-8 |
| 040 ## - FUENTE DE LA CATALOGACIÓN |
| Centro catalogador/agencia de origen |
CO-MqBPB |
| Lengua de catalogación |
spa |
| Centro/agencia transcriptor |
CO-MqBPB |
| 082 04 - NÚMERO DE LA CLASIFICACIÓN DECIMAL DEWEY |
| Número de clasificación |
158 |
| Número de documento/Ítem |
C36si |
| 100 0# - ENTRADA PRINCIPAL--NOMBRE DE PERSONA |
| Nombre de persona |
Chopra, Deepack |
| 245 14 - MENCIÓN DE TÍTULO |
| Título |
Las Siete leyes espirituales del exito : |
| Resto del título |
Guía práctica para la realización de los sueños / |
| Mención de responsabilidad, etc. |
Deepak Chopra ; traducción de : Adriana de Hassan. |
| 250 ## - MENCIÓN DE EDICIÓN |
| Mención de edición |
11a. ed. |
| 250 ## - MENCIÓN DE EDICIÓN |
| Mención de edición |
13a ed. |
| 250 ## - MENCIÓN DE EDICIÓN |
| Mención de edición |
15a ed. |
| 260 ## - PUBLICACIÓN, DISTRIBUCIÓN, ETC. |
| Lugar de publicación, distribución, etc. |
Bogotá : |
| Nombre del editor, distribuidor, etc. |
Norma, |
| Fecha de publicación, distribución, etc. |
1996. |
| 260 ## - PUBLICACIÓN, DISTRIBUCIÓN, ETC. |
| Lugar de publicación, distribución, etc. |
Colombia |
| Nombre del editor, distribuidor, etc. |
Norma S. A., |
| Fecha de publicación, distribución, etc. |
1996. |
| 260 ## - PUBLICACIÓN, DISTRIBUCIÓN, ETC. |
| Lugar de publicación, distribución, etc. |
Colombia |
| Nombre del editor, distribuidor, etc. |
Editorial Norma S.A. |
| Fecha de publicación, distribución, etc. |
1997 |
| 300 ## - DESCRIPCIÓN FÍSICA |
| Extensión |
124p. |
| 500 ## - NOTA GENERAL |
| Nota general |
Ej. 1 de Chicala, anteriormente No acceso 051003012 de Patio Bonito ; Ej.1 de Biblioteca Mosquera corresponde a la colección de la Casa de la Cultura |
| 650 14 - PUNTO DE ACCESO ADICIONAL DE MATERIA--TÉRMINO DE MATERIA |
| Término de materia o nombre geográfico como elemento de entrada |
Éxito EXITO |
| 650 24 - PUNTO DE ACCESO ADICIONAL DE MATERIA--TÉRMINO DE MATERIA |
| Término de materia o nombre geográfico como elemento de entrada |
Suoreración personal |
| 650 24 - PUNTO DE ACCESO ADICIONAL DE MATERIA--TÉRMINO DE MATERIA |
| Término de materia o nombre geográfico como elemento de entrada |
Vida espiritual |
| 650 24 - PUNTO DE ACCESO ADICIONAL DE MATERIA--TÉRMINO DE MATERIA |
| Término de materia o nombre geográfico como elemento de entrada |
Esperitualidad |
| 650 24 - PUNTO DE ACCESO ADICIONAL DE MATERIA--TÉRMINO DE MATERIA |
| Término de materia o nombre geográfico como elemento de entrada |
Sueños |
| 650 24 - PUNTO DE ACCESO ADICIONAL DE MATERIA--TÉRMINO DE MATERIA |
| Término de materia o nombre geográfico como elemento de entrada |
Mente y cerebro |
| 942 ## - ELEMENTOS DE PUNTO DE ACCESO ADICIONAL (KOHA) |
| Fuente del sistema de clasificación o colocación |
|
| Tipo de ítem Koha |
Libro Literatura |